| 000 | 00751nam a22002417a 4500 | ||
|---|---|---|---|
| 001 | BR7314355 | ||
| 003 | BR-BrBNA | ||
| 005 | 20230928084305.0 | ||
| 007 | ta | ||
| 008 | 230509b bl.||||| |||| 00| 0 por d | ||
| 040 |
_aBR-BrBNA _bpor _cBiblioteca Nacional de Agricultura |
||
| 041 | _a(Por) | ||
| 072 | _aE10 | ||
| 090 | _ E10 BR7314355 | ||
| 110 | 1 | _aSuperintendencia do Desenvolvimento da Amazonia, Belem, PA (Brasil) | |
| 245 | 1 | _aOs incentivos fiscais e a iniciativa privada, projetos aprovados | |
| 260 | 3 |
_aBelem, PA (Brasil): _c1969. |
|
| 300 | _a131 p. | ||
| 500 | _a(*) Documento disponível no(a) Universidade Federal de Vicosa, MG (Brazil) | ||
| 650 | _aINCENTIVO FISCAL | ||
| 909 |
_a202309 _bLucia _c55 _dLucia Elande |
||
| 942 | _cBK | ||
| 999 |
_c17958 _d17958 |
||